| 000 | 00873 a2200217 4500 | ||
|---|---|---|---|
| 001 | 125565 | ||
| 020 | _a9788576751694 | ||
| 040 | _cEscola Canadense de Niteroi | ||
| 090 | _aSER | ||
| 100 | _aSerrano, Sergio | ||
| 245 | 1 | 0 | _aRaimundo E a Menor Banda Do Mundo |
| 250 | _a1.ed. | ||
| 260 | _aSão Paulo | ||
| 300 |
_a48 p. _bil. _c8 x 11.6 x 0.6 cm |
||
| 362 | 0 | _a2007 | |
| 490 | 0 | _aBarco a vapor | |
| 520 | _aRaimundo mora sozinho no topo de uma montanha. Seus melhores e únicos amigos são os pássaros e o eco da montanha, com os quais aprende a fazer música. Certo dia, ele constrói uma geringonça musical e, entusiasmado, sai estrada afora tocando sem parar. Raimundo chega a uma pequena cidade do interior, onde descobertas e amizades o farão deixar de ser a menor banda do mundo. | ||
| 650 | 4 | _aLiteratura Infantil | |
| 650 | 4 | _aArtes | |
| 942 | _cBK | ||
| 999 |
_c125565 _d125565 |
||